| 000 | 00354pam a2200157a 44500 | ||
|---|---|---|---|
| 008 | 230515b2003 xxu||||| |||| 00| 0 eng d | ||
| 020 | _a0 | ||
| 041 | _aENGL | ||
| 082 | _a612/MAR | ||
| 100 | _aMARYA | ||
| 245 | _aA TEXT BOOK OF PHYSIOLOGY FOR DENTAL STUDENTS | ||
| 250 | _a1ST | ||
| 260 |
_aNULL _bCBS PUB _c2003 |
||
| 300 | _a423 | ||
| 650 | _aN.D. | ||
| 999 |
_c557418 _d557418 |
||